| 000 | 00846cam a22002051 4500 | ||
|---|---|---|---|
| 001 | 000002533 | ||
| 005 | 20200929150217.0 | ||
| 008 | 721213s1945 nyu 000 0 eng | ||
| 040 |
_aDO-SdBNP _cBNPHU _bspa |
||
| 082 |
_axx _bxx |
||
| 245 | 0 | 0 |
_aMarcus Aurelius and his times : _bthe transition from paganism to christianity / _cselección, Walter Pater With ; introduccíon, Irwin Edman. |
| 260 |
_aNew York : _bClassics Club by Walter J. Black, _c1945. |
||
| 300 |
_aviii, 306 p. ; _c20 cm. |
||
| 650 | 0 |
_aPhilosophy, ancient. _97955 |
|
| 700 | 0 | 1 |
_aAurelius, Marcus, _cEmperador de Roma, _d121-180. _tMeditations. _lEnglish. _97956 |
| 700 | 0 | 1 |
_aLucian, _cde Samosata. _97957 |
| 700 | 0 | 1 |
_aMartyr, Justin, _cMartyr, Saint. _97958 |
| 700 | 0 | 1 |
_aPater, Walter, _d1839-1894. _tMarius the Epicurean. _97959 |
| 700 | 0 | 1 |
_aEdman, Irwin, _d1896-1954. _eintrod. _97960 |
| 999 |
_c2369 _d2369 |
||